| 000 | 01117pam a2200277 i 4500 | ||
|---|---|---|---|
| 001 | 4597176 | ||
| 005 | 20080331084033.0 | ||
| 008 | 760512s1977 enka b 001 0 eng | ||
| 010 | _a76009172 | ||
| 020 |
_a0521213495 _c$25.00 |
||
| 020 | _a9780521068734 (paperback) | ||
| 020 | _a9780521213493 (hardback) | ||
| 040 |
_aDLC _cDLC _dDLC |
||
| 050 | 0 | 0 |
_aHB97.5 _b.B329 1977 |
| 082 | 0 | 0 |
_a335.4 _bBEC |
| 100 | 1 |
_aBecker, James F., _d1921- _93706 |
|
| 245 | 1 | 0 |
_aMarxian Political Economy : _bAn Outline / _cJames F. Becker. |
| 260 |
_aCambridge ; _aNew York : _bCambridge University Press, _cc1977. |
||
| 300 |
_ax, 326 p. : _bill. ; _c24 cm. |
||
| 504 | _aIncludes bibliographical references and index. | ||
| 650 | 0 |
_aMarxian economics. _93707 |
|
| 856 | 4 | 2 |
_3Publisher description _uhttp://www.loc.gov/catdir/enhancements/fy0827/76009172-d.html |
| 856 | 4 | 1 |
_3Table of contents only _uhttp://www.loc.gov/catdir/enhancements/fy0827/76009172-t.html |
| 942 |
_2ddc _cBB |
||
| 999 |
_c11303 _d11303 |
||